[Event "27th Klatovy A 2019"]
[Site "Klatovy CZE"]
[Date "2019.06.29"]
[Round "1.1"]
[White "Skypala, Ondrej"]
[Black "Neuman, Petr"]
[Result "0-1"]
[WhiteElo "2030"]
[BlackElo "2395"]
[PlyCount "88"]
[EventDate "2019.06.29"]
[EventType "swiss"]
[EventRounds "9"]
[EventCountry "CZE"]

1. c4 g6 2. g3 Bg7 3. Bg2 e5 4. Nc3 d6 5. d3 f5 6. Nf3 Nf6 7. O-O O-O 8. Rb1 h6 9. b4 g5 10. Nd2 Nc6 11. e3 Ne7 12. Qb3 Kh8 13. a4 Rb8 14. Nb5 a6 15. Nc3 Be6 16. Qc2 Rg8 17. Nb3 h5 18. f4 gxf4 19. exf4 h4 20. fxe5 dxe5 21. Nc5 Bc8 22. Bg5 b6 23. Nb3 hxg3 24. hxg3 Nh7 25. Qd2 Bf8 26. Bh4 Qe8 27. Nd5 Nxd5 28. Bxd5 Be6 29. Bxe6 Qxe6 30. Rbe1 Rg4 31. Qe2 Bd6 32. Kh1 Rbg8 33. Rf3 f4 34. Qh2 R8g6 35. Rxf4 Rxf4 36. gxf4 Qg4 37. Nd2 Bxb4 38. f5 Rh6 39. Qxe5+ Qg7 40. Qe4 Bxd2 41. Rg1 Qf6 42. Rg4 Bg5 43. Qe8+ Nf8 44. Rxg5 Rxh4+ 0-1

[Event "27th Klatovy A 2019"]
[Site "Klatovy CZE"]
[Date "2019.06.29"]
[Round "1.2"]
[White "Dolezal, Radoslav Jr"]
[Black "Turner, Radek"]
[Result "1-0"]
[WhiteElo "2374"]
[BlackElo "2023"]
[PlyCount "71"]
[EventDate "2019.06.29"]
[EventType "swiss"]
[EventRounds "9"]
[EventCountry "CZE"]

1. d4 Nf6 2. Bg5 c5 3. Bxf6 gxf6 4. d5 Qa5+ 5. Qd2 Qxd2+ 6. Nxd2 d6 7. e3 Bg7 8. Bb5+ Nd7 9. Ne2 a6 10. Bxd7+ Kxd7 11. a4 b6 12. Ng3 Kc7 13. Nc4 Bb7 14. e4 Rhg8 15. O-O e6 16. Rfd1 Rad8 17. c3 Bf8 18. a5 b5 19. Nb6 Be7 20. Rd3 Rg4 21. f3 Rh4 22. Ne2 Rg8 23. g3 f5 24. exf5 exf5 25. Re3 Bf6 26. f4 Rhg4 27. Kf2 Rb8 28. Re1 Rgg8 29. Ng1 Kd8 30. Nf3 Bc8 31. Ng5 Rg7 32. Re8+ Kc7 33. Rf8 h6 34. Nxf7 Bb7 35. Rxb8 Kxb8 36. Nxd6 1-0

[Event "27th Klatovy A 2019"]
[Site "Klatovy CZE"]
[Date "2019.06.29"]
[Round "1.4"]
[White "Rubes, Jan"]
[Black "Cmiko, Jakub"]
[Result "1-0"]
[WhiteElo "2352"]
[BlackElo "2005"]
[PlyCount "73"]
[EventDate "2019.06.29"]
[EventType "swiss"]
[EventRounds "9"]
[EventCountry "CZE"]

1. Nf3 Nf6 2. g3 g6 3. b3 Bg7 4. Bb2 O-O 5. Bg2 d6 6. d4 c6 7. O-O a5 8. a4 Na6 9. Nbd2 d5 10. Re1 Nb4 11. c3 Na6 12. Ba3 Re8 13. Rc1 Bh6 14. e3 Bg4 15. h3 Bxf3 16. Qxf3 e6 17. Rcd1 Bg7 18. Bf1 Qc7 19. Rb1 e5 20. Rec1 exd4 21. cxd4 Qd8 22. Qd1 Bf8 23. Bxf8 Kxf8 24. Bxa6 Rxa6 25. b4 axb4 26. Rxb4 Ra7 27. Rcb1 Qd7 28. Kg2 Ne4 29. Nxe4 Rxe4 30. Qc2 Kg7 31. Qc5 Ra6 32. Rxb7 Qf5 33. Rb8 Rxa4 34. R1b7 Qe6 35. Qf8+ Kf6 36. Rd8 Kg5 37. Rxf7 1-0

[Event "27th Klatovy A 2019"]
[Site "Klatovy CZE"]
[Date "2019.06.29"]
[Round "1.6"]
[White "Sprenar, Petr"]
[Black "Hak, David"]
[Result "1-0"]
[WhiteElo "2320"]
[BlackElo "1980"]
[PlyCount "69"]
[EventDate "2019.06.29"]
[EventType "swiss"]
[EventRounds "9"]
[EventCountry "CZE"]

1. d4 Nf6 2. c4 g6 3. g3 Bg7 4. Bg2 O-O 5. Nc3 d6 6. Nf3 Nbd7 7. O-O e5 8. e4 exd4 9. Nxd4 Nb6 10. b3 a5 11. h3 a4 12. Bg5 h6 13. Be3 Nfd7 14. Qc2 Nc5 15. Rad1 Qe7 16. b4 Na6 17. a3 Qd7 18. Nd5 Nxd5 19. cxd5 Qe8 20. Rfe1 Bd7 21. Qd2 Kh7 22. f4 Rc8 23. Nf3 c5 24. dxc6 Bxc6 25. Bd4 f6 26. Bb2 Qf7 27. Bf1 f5 28. exf5 Bxf3 29. fxg6+ Qxg6 30. Bd3 Rf5 31. g4 Bxg4 32. hxg4 Qxg4+ 33. Qg2 Qxg2+ 34. Kxg2 Rcf8 35. Re7 1-0

[Event "27th Klatovy A 2019"]
[Site "Klatovy CZE"]
[Date "2019.06.29"]
[Round "1.7"]
[White "Novotny, Jaroslav2"]
[Black "Vyprachticky, David"]
[Result "0-1"]
[WhiteElo "1979"]
[BlackElo "2312"]
[PlyCount "93"]
[EventDate "2019.06.29"]
[EventType "swiss"]
[EventRounds "9"]
[EventCountry "CZE"]

1. e4 e5 2. Nf3 Nc6 3. d4 exd4 4. Bc4 Nf6 5. e5 d5 6. Bb5 Nd7 7. O-O Be7 8. Re1 O-O 9. Bxc6 bxc6 10. Nxd4 Nb8 11. Bf4 c5 12. Nf3 Nc6 13. Nc3 Be6 14. Qd2 Rb8 15. b3 d4 16. Ne4 c4 17. Bg5 Bxg5 18. Nexg5 Qd5 19. bxc4 Qxc4 20. Qd3 Qxd3 21. cxd3 Bd5 22. Rac1 h6 23. Ne4 Nb4 24. Red1 Rfd8 25. a3 Nxd3 26. Rxd3 Bxe4 27. Rxd4 Rxd4 28. Nxd4 c5 29. f3 Rb1 30. Rxb1 Bxb1 31. Ne2 g5 32. Kf2 Kf8 33. Ke3 Ke7 34. Nc3 Bc2 35. Ne4 Ke6 36. Nxc5+ Kxe5 37. Ne4 f5 38. Nf2 Kd5 39. Kd2 Ba4 40. Kc3 Bb5 41. Nd3 a5 42. g3 Be8 43. Nf2 Bh5 44. f4 gxf4 45. gxf4 Be8 46. h4 Bb5 47. Nh3 0-1

[Event "27th Klatovy A 2019"]
[Site "Klatovy CZE"]
[Date "2019.06.29"]
[Round "1.8"]
[White "Stross, Frantisek"]
[Black "Drahorad, Daniel"]
[Result "1-0"]
[WhiteElo "2312"]
[BlackElo "1977"]
[PlyCount "61"]
[EventDate "2019.06.29"]
[EventType "swiss"]
[EventRounds "9"]
[EventCountry "CZE"]

1. e4 e6 2. d4 d5 3. Nc3 Bb4 4. e5 c5 5. dxc5 Bxc5 6. Nf3 Nc6 7. Bd3 Nge7 8. O-O Ng6 9. Qe2 O-O 10. h4 Qc7 11. Re1 Re8 12. h5 Nf8 13. h6 g6 14. Nb5 Qb8 15. c3 a6 16. Nbd4 Bd7 17. Bg5 Rc8 18. b4 Bb6 19. a4 Be8 20. a5 Bc7 21. Nxc6 Bxc6 22. Nd4 Be8 23. Be7 Nd7 24. f4 Bd8 25. Bxd8 Rxd8 26. f5 exf5 27. Nxf5 gxf5 28. Qh5 Nf8 29. Qg5+ Ng6 30. Qf6 Kf8 31. e6 1-0

[Event "27th Klatovy A 2019"]
[Site "Klatovy CZE"]
[Date "2019.06.29"]
[Round "1.9"]
[White "Pavlicek, Lukas"]
[Black "Mejzlik, Ondrej"]
[Result "1/2-1/2"]
[WhiteElo "1962"]
[BlackElo "2302"]
[PlyCount "116"]
[EventDate "2019.06.29"]
[EventType "swiss"]
[EventRounds "9"]
[EventCountry "CZE"]

1. c4 e5 2. Nc3 Nc6 3. g3 g6 4. Bg2 Bg7 5. e3 f5 6. Nge2 d6 7. O-O Nge7 8. Rb1 O-O 9. b4 e4 10. d3 exd3 11. Qxd3 Ne5 12. Qc2 c6 13. c5 d5 14. Rd1 Qc7 15. Nd4 a6 16. Na4 Bd7 17. Nb6 Rae8 18. Bb2 Nc8 19. Nxd7 Qxd7 20. Nf3 Qc7 21. Nxe5 Bxe5 22. a4 g5 23. Bxe5 Rxe5 24. Rd4 Ne7 25. b5 axb5 26. axb5 Ng6 27. bxc6 bxc6 28. Qb3 f4 29. e4 fxg3 30. hxg3 Qf7 31. Rb2 dxe4 32. Qxf7+ Rxf7 33. Bxe4 Rxc5 34. Bxg6 hxg6 35. Rd6 Kh7 36. Re2 Rc1+ 37. Kg2 c5 38. Ree6 c4 39. Rxg6 c3 40. Rh6+ Kg7 41. Rhg6+ Kf8 42. Rgf6 Rxf6 43. Rxf6+ Ke7 44. Rc6 Kd7 45. Rc4 Kd6 46. Kf3 Kd5 47. Rc8 Kd4 48. Kg4 Rf1 49. Kxg5 Rxf2 50. g4 Kd3 51. Kh6 Rh2+ 52. Kg6 Rh4 53. Kf5 c2 54. Rxc2 Kxc2 55. g5 Kd3 56. g6 Rh5+ 57. Kf6 Rh6 58. Kf7 Rxg6 1/2-1/2

[Event "27th Klatovy A 2019"]
[Site "Klatovy CZE"]
[Date "2019.06.29"]
[Round "1.10"]
[White "Zeman, Matyas"]
[Black "Richter, Martin1"]
[Result "1/2-1/2"]
[WhiteElo "2275"]
[BlackElo "1959"]
[PlyCount "80"]
[EventDate "2019.06.29"]
[EventType "swiss"]
[EventRounds "9"]
[EventCountry "CZE"]

1. e4 e6 2. d4 d5 3. Nc3 Bb4 4. e5 c5 5. a3 Bxc3+ 6. bxc3 Qc7 7. Nf3 Ne7 8. Bd3 Nbc6 9. O-O Bd7 10. a4 Qa5 11. Qd2 cxd4 12. cxd4 Qxd2 13. Bxd2 b6 14. Rfb1 O-O 15. a5 Nxa5 16. Bxa5 bxa5 17. Rb7 Rfd8 18. Rxa5 Nc6 19. Ra1 Be8 20. Ba6 Rab8 21. h4 Nb4 22. Rxa7 Nxc2 23. Rc1 Ra8 24. Rxa8 Rxa8 25. Rxc2 Rxa6 26. Rc8 Kf8 27. g4 h6 28. h5 Ra4 29. Kg2 Ke7 30. Kg3 f6 31. Kf4 fxe5+ 32. Kxe5 Ra2 33. Rc7+ Bd7 34. Kf4 Kd6 35. Rb7 Rxf2 36. Ke3 Rc2 37. Ne5 Rc7 38. Nf7+ Kc6 39. Nd8+ Kd6 40. Nf7+ Kc6 1/2-1/2

[Event "27th Klatovy A 2019"]
[Site "Klatovy CZE"]
[Date "2019.06.29"]
[Round "1.11"]
[White "Novy, Daniel"]
[Black "Hollan, Petr"]
[Result "0-1"]
[WhiteElo "1955"]
[BlackElo "2261"]
[PlyCount "72"]
[EventDate "2019.06.29"]
[EventType "swiss"]
[EventRounds "9"]
[EventCountry "CZE"]

1. e4 c5 2. Nf3 d6 3. c3 Nf6 4. Bc4 Nxe4 5. Qa4+ Nc6 6. Bxf7+ Kxf7 7. Qxe4 d5 8. Ng5+ Kg8 9. Qf3 Ne5 10. Qg3 Qd6 11. d4 cxd4 12. cxd4 Qb4+ 13. Bd2 Qxd4 14. O-O h6 15. Nh3 Nc4 16. Bc3 Qg4 17. Nf4 Qxg3 18. fxg3 Ne3 19. Rf2 Bf5 20. Nd2 d4 21. Bxd4 Nc2 22. Ne2 Nxa1 23. Rxf5 Nc2 24. Ne4 b6 25. Bc3 Ne3 26. Rf3 Nd5 27. Be5 e6 28. Rd3 Re8 29. h4 Be7 30. Kh2 Kh7 31. g4 Rhf8 32. g5 hxg5 33. hxg5 Kg6 34. g4 Bxg5 35. Nd6 Rf2+ 36. Kg3 Rxe2 0-1

[Event "27th Klatovy A 2019"]
[Site "Klatovy CZE"]
[Date "2019.06.29"]
[Round "1.12"]
[White "Vedral, Oldrich"]
[Black "Ondrejat, Miroslav"]
[Result "1-0"]
[WhiteElo "2250"]
[BlackElo "1948"]
[PlyCount "105"]
[EventDate "2019.06.29"]
[EventType "swiss"]
[EventRounds "9"]
[EventCountry "CZE"]

1. e4 e6 2. d4 d5 3. e5 c5 4. c3 Nc6 5. Nf3 Qb6 6. a3 cxd4 7. cxd4 Nge7 8. b4 Nf5 9. Be3 Be7 10. Bd3 O-O 11. O-O Nxe3 12. fxe3 f6 13. exf6 Bxf6 14. Nc3 Bd7 15. Na4 Qd8 16. Nc5 b6 17. Nxd7 Qxd7 18. Qc2 Rac8 19. Bxh7+ Kh8 20. Qg6 Qf7 21. Qxf7 Rxf7 22. Bd3 Nd8 23. Rac1 Rfc7 24. Rxc7 Rxc7 25. Bg6 Kg8 26. Kf2 Nf7 27. Ke2 Nd6 28. g4 Rc3 29. g5 Be7 30. h4 Rxa3 31. Ne5 Nc4 32. Bf7+ Kh7 33. Bg6+ Kg8 34. Rf7 Nxe5 35. dxe5 Bxb4 36. Rb7 Kf8 37. Rb8+ Ke7 38. Rg8 Bc3 39. Rxg7+ Kd8 40. h5 Bxe5 41. h6 Ra2+ 42. Kf3 Rh2 43. Rxa7 Rh3+ 44. Kg4 Rg3+ 45. Kh4 Rxe3 46. Bh5 Re1 47. Bg4 Rh1+ 48. Bh3 Rg1 49. Bxe6 d4 50. Rd7+ Ke8 51. Rd5 Bf4 52. h7 Rh1+ 53. Bh3 1-0

[Event "27th Klatovy A 2019"]
[Site "Klatovy CZE"]
[Date "2019.06.29"]
[Round "1.13"]
[White "Krauskopfova, Lenka 1996"]
[Black "Jurek, Josef"]
[Result "0-1"]
[WhiteElo "1941"]
[BlackElo "2247"]
[PlyCount "96"]
[EventDate "2019.06.29"]
[EventType "swiss"]
[EventRounds "9"]
[EventCountry "CZE"]

1. c4 Nf6 2. Nc3 c5 3. Nf3 e6 4. e3 d5 5. d4 a6 6. Be2 dxc4 7. Bxc4 b5 8. Be2 Bb7 9. dxc5 Qxd1+ 10. Bxd1 Bxc5 11. a3 Nbd7 12. b4 Bd6 13. O-O Ke7 14. Bb2 Nb6 15. Be2 Rac8 16. Rac1 Nc4 17. Bxc4 Rxc4 18. Nd2 Rc7 19. Ne2 Ng4 20. Rxc7+ Bxc7 21. Ng3 h5 22. h3 Nxe3 23. fxe3 Bxg3 24. Bd4 e5 25. Bc5+ Ke6 26. Nf3 Bxf3 27. Rxf3 h4 28. e4 Rd8 29. Kf1 Rd1+ 30. Ke2 Re1+ 31. Kd3 g6 32. Bb6 f5 33. Re3 Ra1 34. Ke2 Ra2+ 35. Kf1 Rf2+ 36. Kg1 Rc2 37. Kf1 Bf2 38. exf5+ gxf5 39. Rxe5+ Kxe5 40. Bxf2 Ra2 41. Bxh4 Rxa3 42. Bd8 Ke4 43. Kf2 f4 44. h4 Rd3 45. Be7 Rd2+ 46. Kg1 Kf5 47. Kf1 Kg4 48. Bg5 Kg3 0-1

[Event "27th Klatovy A 2019"]
[Site "Klatovy CZE"]
[Date "2019.06.29"]
[Round "1.14"]
[White "Simet, Martin"]
[Black "Pribyl, Viktor"]
[Result "1-0"]
[WhiteElo "2244"]
[BlackElo "1933"]
[PlyCount "119"]
[EventDate "2019.06.29"]
[EventType "swiss"]
[EventRounds "9"]
[EventCountry "CZE"]

1. e4 c5 2. Nf3 d6 3. d4 cxd4 4. Nxd4 Nf6 5. f3 e5 6. Nb3 Be6 7. c4 a5 8. Be3 a4 9. N3d2 Qa5 10. Na3 Be7 11. Be2 O-O 12. O-O Bd8 13. Nc2 Bb6 14. Kh1 Nc6 15. b4 Qa7 16. Bg5 Bd8 17. Nb1 h6 18. Bc1 Bb6 19. Nc3 Rfd8 20. Rb1 Qb8 21. b5 Nd4 22. Nxd4 Bxd4 23. Bb2 a3 24. Ba1 Nd7 25. f4 Rc8 26. fxe5 Bxe5 27. Nd5 Bxd5 28. Qxd5 Nf6 29. Qd3 Bxa1 30. Rxa1 Nd7 31. Bh5 Ne5 32. Qd5 Qc7 33. Rad1 Rd8 34. b6 Qe7 35. Rf2 Rd7 36. Rdf1 Qe8 37. Rc2 Rc8 38. Rc3 Rc5 39. Qd4 Ra5 40. Rg3 Qe6 41. Be2 Kh7 42. Rff3 Rd8 43. Rxa3 Rda8 44. Rxa5 Rxa5 45. a3 g6 46. h3 Qd7 47. Rc3 Rc5 48. Rc1 Qc6 49. Rd1 Nxc4 50. Qf6 Qe8 51. Bxc4 Rxc4 52. Rxd6 Rxe4 53. Rd8 Re1+ 54. Kh2 Qe5+ 55. Qxe5 Rxe5 56. Rd7 Ra5 57. Rxf7+ Kg8 58. Rxb7 Rxa3 59. Ra7 Rb3 60. b7 1-0

[Event "27th Klatovy A 2019"]
[Site "Klatovy CZE"]
[Date "2019.06.29"]
[Round "1.15"]
[White "Odehnal, Jaroslav"]
[Black "Slovak, Kilian"]
[Result "0-1"]
[WhiteElo "1930"]
[BlackElo "2242"]
[PlyCount "58"]
[EventDate "2019.06.29"]
[EventType "swiss"]
[EventRounds "9"]
[EventCountry "CZE"]

1. d4 Nf6 2. c4 g6 3. Nc3 Bg7 4. e4 O-O 5. f4 d6 6. Nf3 c5 7. d5 e6 8. Be2 exd5 9. exd5 Re8 10. O-O Ng4 11. Qc2 Qe7 12. Re1 Bd4+ 13. Nxd4 cxd4 14. Bd2 dxc3 15. Bxg4 Qd8 16. Rxe8+ Qxe8 17. Re1 Qf8 18. Bxc3 Bxg4 19. Qd2 Na6 20. h3 Bd7 21. Qd4 f6 22. g4 b6 23. g5 Re8 24. Rxe8 Bxe8 25. gxf6 Bd7 26. Kg2 Kf7 27. b4 Qe8 28. Kg3 Qe2 29. a3 Qf1 0-1

[Event "27th Klatovy A 2019"]
[Site "Klatovy CZE"]
[Date "2019.06.29"]
[Round "1.16"]
[White "Vorisek, Jaroslav"]
[Black "Kupsa, Matej 2001"]
[Result "1-0"]
[WhiteElo "2241"]
[BlackElo "1929"]
[PlyCount "63"]
[EventDate "2019.06.29"]
[EventType "swiss"]
[EventRounds "9"]
[EventCountry "CZE"]

1. d4 Nf6 2. Nf3 g6 3. g3 Bg7 4. Bg2 O-O 5. c4 d5 6. O-O c6 7. b3 e6 8. Bb2 Nbd7 9. Nc3 b6 10. Qc2 Bb7 11. e4 dxe4 12. Nxe4 Nxe4 13. Qxe4 Qc7 14. Rad1 c5 15. Qe2 cxd4 16. Nxd4 Bxg2 17. Kxg2 a6 18. Rd2 e5 19. Nf3 Rfe8 20. Rfd1 Nf8 21. Qe4 Kh8 22. Rd6 Rac8 23. Qd5 e4 24. Bxg7+ Kxg7 25. Ng5 f5 26. Qd4+ Kh6 27. h4 b5 28. Qf6 Qe7 29. Nf7+ Kh5 30. Qg5+ Qxg5 31. hxg5 f4 32. Rh1+ 1-0

[Event "27th Klatovy A 2019"]
[Site "Klatovy CZE"]
[Date "2019.06.29"]
[Round "1.17"]
[White "Elias, Jakub"]
[Black "Michalek, Jan 1969"]
[Result "0-1"]
[WhiteElo "1921"]
[BlackElo "2230"]
[PlyCount "68"]
[EventDate "2019.06.29"]
[EventType "swiss"]
[EventRounds "9"]
[EventCountry "CZE"]

1. e4 c5 2. Nf3 Nc6 3. d4 cxd4 4. Nxd4 Nf6 5. Nc3 e5 6. Ndb5 d6 7. Nd5 Nxd5 8. exd5 Nb8 9. c4 Be7 10. Be2 O-O 11. O-O a6 12. Nc3 f5 13. f4 Nd7 14. Be3 exf4 15. Bxf4 Qb6+ 16. Kh1 Qxb2 17. Qd3 Bf6 18. Bd2 Nc5 19. Qe3 Bd7 20. Rab1 Qa3 21. Rfc1 Rae8 22. Qf2 Bc8 23. Bf1 Qa5 24. Qg3 Qd8 25. Bf4 Be5 26. Re1 Qf6 27. Bxe5 Rxe5 28. Qf2 Rfe8 29. Rxe5 Qxe5 30. Qc2 f4 31. Rd1 Bg4 32. Rc1 Bf5 33. Qd1 Qe3 34. Be2 Bd3 0-1

[Event "27th Klatovy A 2019"]
[Site "Klatovy CZE"]
[Date "2019.06.29"]
[Round "1.18"]
[White "Kopta, Pavel"]
[Black "Kunc, Jan"]
[Result "1-0"]
[WhiteElo "2227"]
[BlackElo "1919"]
[PlyCount "101"]
[EventDate "2019.06.29"]
[EventType "swiss"]
[EventRounds "9"]
[EventCountry "CZE"]

1. d4 Nf6 2. c4 e6 3. Nc3 Bb4 4. e3 O-O 5. Bd3 c5 6. Nge2 b6 7. O-O Bb7 8. a3 Bxc3 9. Nxc3 d5 10. dxc5 bxc5 11. Qc2 Nc6 12. Rd1 Qe7 13. b3 Ne5 14. Bb2 dxc4 15. bxc4 Nxd3 16. Rxd3 Rfd8 17. Rad1 Ne4 18. f3 Nxc3 19. Bxc3 Bc6 20. Ba5 Rxd3 21. Qxd3 h6 22. Bd8 Qb7 23. Rb1 Qc8 24. Be7 Rb8 25. Rxb8 Qxb8 26. Bxc5 a6 27. Bb4 Qc7 28. Qd4 Qd7 29. Kf2 Qxd4 30. exd4 f6 31. Ke3 Kf7 32. Kd3 Ke8 33. Kc3 g5 34. Kb3 g4 35. fxg4 Bxg2 36. Bd2 Bh3 37. Bxh6 Bxg4 38. Kb4 Kd7 39. Kc5 Be2 40. a4 e5 41. d5 f5 42. Bg7 e4 43. Bh6 Bd1 44. a5 Be2 45. Bf4 Bf1 46. Kd4 Bh3 47. c5 Bf1 48. c6+ Kc8 49. d6 Bb5 50. d7+ Kd8 51. Bg5+ 1-0

[Event "27th Klatovy A 2019"]
[Site "Klatovy CZE"]
[Date "2019.06.29"]
[Round "1.19"]
[White "Flajsman, Pavel"]
[Black "Molkanov, Oleg 2001"]
[Result "0-1"]
[WhiteElo "1917"]
[BlackElo "2211"]
[PlyCount "66"]
[EventDate "2019.06.29"]
[EventType "swiss"]
[EventRounds "9"]
[EventCountry "CZE"]

1. d4 f5 2. g3 g6 3. Bg2 Nf6 4. Nf3 Bg7 5. O-O O-O 6. c4 d6 7. Nc3 Nc6 8. d5 Na5 9. b3 Ne4 10. Nxe4 Bxa1 11. Bh6 Bg7 12. Bxg7 fxe4 13. Nd2 Kxg7 14. b4 e3 15. fxe3 Rxf1+ 16. Bxf1 Nxc4 17. Nxc4 e5 18. Bg2 b6 19. a4 Bg4 20. Na3 a6 21. Qc2 Qd7 22. e4 Rf8 23. Nb1 Qf7 24. e3 Bf3 25. Nc3 Bxg2 26. Qxg2 Qf3 27. Qxf3 Rxf3 28. Nd1 g5 29. Kg2 g4 30. b5 axb5 31. axb5 h5 32. Kg1 Rf8 33. Nc3 Ra8 0-1

[Event "27th Klatovy A 2019"]
[Site "Klatovy CZE"]
[Date "2019.06.29"]
[Round "1.20"]
[White "Eret, Matous"]
[Black "Lhotsky, Zdenek"]
[Result "1-0"]
[WhiteElo "2205"]
[BlackElo "1914"]
[PlyCount "43"]
[EventDate "2019.06.29"]
[EventType "swiss"]
[EventRounds "9"]
[EventCountry "CZE"]

1. e4 c5 2. Nf3 d6 3. d4 cxd4 4. Nxd4 Nf6 5. Nc3 a6 6. Be2 e5 7. Nb3 Be7 8. O-O O-O 9. f4 exf4 10. Bxf4 Nc6 11. Qe1 Be6 12. Rd1 Qb6+ 13. Kh1 Rfd8 14. Qg3 Nb4 15. Nd4 Rac8 16. Bh6 g6 17. Bg5 Rxc3 18. bxc3 Nxe4 19. Qf4 Nxg5 20. cxb4 Bd5 21. c4 Be6 22. h4 1-0

[Event "27th Klatovy A 2019"]
[Site "Klatovy CZE"]
[Date "2019.06.29"]
[Round "1.21"]
[White "Kovar, Petr"]
[Black "Kotal, Vaclav"]
[Result "1/2-1/2"]
[WhiteElo "1909"]
[BlackElo "2205"]
[PlyCount "57"]
[EventDate "2019.06.29"]
[EventType "swiss"]
[EventRounds "9"]
[EventCountry "CZE"]

1. c4 e6 2. Nf3 Nf6 3. Nc3 Bb4 4. g3 b6 5. Bg2 Bb7 6. O-O O-O 7. Qb3 a5 8. Rd1 Re8 9. d4 d5 10. e3 Nbd7 11. Bd2 Qc8 12. Rac1 Bxc3 13. Qxc3 Ne4 14. Qc2 Ra7 15. Be1 Qa8 16. Nd2 f5 17. f4 Ndf6 18. Nxe4 dxe4 19. h3 Rd8 20. Bf1 Bc6 21. Be2 h5 22. Kh2 Be8 23. Bc3 Bf7 24. Qa4 c6 25. Qc2 Qb7 26. a4 Qc7 27. Rg1 Kh7 28. Rg2 Qe7 29. Rcg1 1/2-1/2

[Event "27th Klatovy A 2019"]
[Site "Klatovy CZE"]
[Date "2019.06.29"]
[Round "1.22"]
[White "Palek, Miroslav"]
[Black "Skopec, Lubos"]
[Result "1/2-1/2"]
[WhiteElo "2188"]
[BlackElo "1907"]
[PlyCount "70"]
[EventDate "2019.06.29"]
[EventType "swiss"]
[EventRounds "9"]
[EventCountry "CZE"]

1. e4 e5 2. Nf3 Nf6 3. Nc3 Nc6 4. Bb5 Bb4 5. O-O O-O 6. d3 Re8 7. Bg5 Bxc3 8. bxc3 a6 9. Bc4 Na5 10. Bxf7+ Kxf7 11. Nxe5+ Rxe5 12. f4 Re6 13. e5 Qg8 14. exf6 gxf6 15. f5 Qxg5 16. fxe6+ dxe6 17. Rf3 Bd7 18. Rg3 Qc5+ 19. d4 Qf5 20. Qd2 Bb5 21. c4 Bxc4 22. Rf3 Qd5 23. Qf4 f5 24. Re1 Nc6 25. Qxc7+ Ne7 26. c3 Rc8 27. Qf4 Ng6 28. Qh6 Kg8 29. h4 Qd8 30. Rh3 Qf8 31. Qd2 Qd6 32. h5 Nf4 33. Rh4 Ne2+ 34. Kh1 Ng3+ 35. Kg1 Ne2+ 1/2-1/2

[Event "27th Klatovy A 2019"]
[Site "Klatovy CZE"]
[Date "2019.06.29"]
[Round "1.23"]
[White "Hosnedl, Matyas"]
[Black "Kaderabek, Jiri"]
[Result "0-1"]
[WhiteElo "1903"]
[BlackElo "2183"]
[PlyCount "72"]
[EventDate "2019.06.29"]
[EventType "swiss"]
[EventRounds "9"]
[EventCountry "CZE"]

1. e4 d6 2. d4 Nf6 3. Nc3 g6 4. Be3 c6 5. Qd2 b5 6. f3 Nbd7 7. Bd3 Bb7 8. O-O-O e5 9. Nge2 Qa5 10. a3 Bg7 11. Kb1 O-O 12. d5 b4 13. axb4 Qxb4 14. dxc6 Bxc6 15. Nb5 Qxd2 16. Rxd2 d5 17. Nc7 d4 18. Bg5 Rab8 19. c3 Nc5 20. Na6 Nxa6 21. Bxa6 Bxe4+ 22. Ka1 Rb6 23. Bc4 Rc8 24. Bxf6 Rxc4 25. fxe4 Rxf6 26. Ng3 Bh6 27. Rd3 Rf2 28. Rf1 Rxf1+ 29. Nxf1 dxc3 30. Rxc3 Rxe4 31. Ng3 Re1+ 32. Ka2 Bf4 33. Ra3 h5 34. h4 e4 35. b4 e3 36. Ne4 e2 0-1

[Event "27th Klatovy A 2019"]
[Site "Klatovy CZE"]
[Date "2019.06.29"]
[Round "1.24"]
[White "Krivanek, Vladimir"]
[Black "Hlozek, David"]
[Result "1/2-1/2"]
[WhiteElo "2166"]
[BlackElo "1901"]
[PlyCount "74"]
[EventDate "2019.06.29"]
[EventType "swiss"]
[EventRounds "9"]
[EventCountry "CZE"]

1. Nf3 d5 2. d4 Nf6 3. g3 e6 4. Bg2 c5 5. c3 Nc6 6. O-O Be7 7. Nbd2 O-O 8. Re1 Qb6 9. e3 Re8 10. b3 a5 11. Rb1 a4 12. dxc5 Qxc5 13. b4 Qxc3 14. Bb2 Qd3 15. a3 Qf5 16. b5 Na5 17. Ne5 h5 18. Qxa4 Ng4 19. Nxg4 hxg4 20. e4 Qg5 21. Bc1 Bd7 22. Nb3 Nxb3 23. Qxa8 Nxc1 24. Qxb7 Nd3 25. Qxd7 Rd8 26. Qc7 Nxe1 27. Rxe1 d4 28. a4 d3 29. Qf4 d2 30. Rd1 Qc5 31. Bf1 Qc2 32. Be2 Rd4 33. Kf1 Bd6 34. Qxg4 Qxa4 35. Qg5 Qc2 36. Qd8+ Kh7 37. Qh4+ Kg8 1/2-1/2

[Event "27th Klatovy A 2019"]
[Site "Klatovy CZE"]
[Date "2019.06.29"]
[Round "1.25"]
[White "Rybin, Jan"]
[Black "Kozak, Milos"]
[Result "1/2-1/2"]
[WhiteElo "1900"]
[BlackElo "2165"]
[PlyCount "35"]
[EventDate "2019.06.29"]
[EventType "swiss"]
[EventRounds "9"]
[EventCountry "CZE"]

1. d4 Nf6 2. Nf3 e6 3. e3 d5 4. Bd3 c5 5. c3 Nc6 6. Nbd2 Be7 7. O-O Qc7 8. Qe2 b6 9. dxc5 bxc5 10. e4 O-O 11. Re1 Re8 12. Ng5 h6 13. Nh3 e5 14. exd5 Nxd5 15. Qf3 Be6 16. Be4 Rad8 17. Nc4 Bf8 18. Qg3 1/2-1/2

[Event "27th Klatovy A 2019"]
[Site "Klatovy CZE"]
[Date "2019.06.29"]
[Round "1.26"]
[White "Bartos, Jan"]
[Black "Fiser, Jiri2"]
[Result "1/2-1/2"]
[WhiteElo "2157"]
[BlackElo "1899"]
[PlyCount "60"]
[EventDate "2019.06.29"]
[EventType "swiss"]
[EventRounds "9"]
[EventCountry "CZE"]

1. Nf3 Nf6 2. c4 g6 3. b3 Bg7 4. Bb2 c5 5. g3 d6 6. Bg2 Nc6 7. O-O O-O 8. d4 cxd4 9. Nxd4 Bd7 10. Nc3 Rc8 11. Rc1 a6 12. Qd2 Nxd4 13. Qxd4 Bc6 14. Qd2 Bxg2 15. Kxg2 Qd7 16. Nd5 Nxd5 17. Bxg7 Ne3+ 18. Qxe3 Kxg7 19. Rfd1 Rc7 20. h4 h5 21. Rd5 Qe6 22. Qd4+ Qf6 23. Qd2 Rfc8 24. Rc3 Rc5 25. Rf3 Qe6 26. Qd4+ Kg8 27. Re3 Rxd5 28. cxd5 Qd7 29. Rc3 Rxc3 30. Qxc3 Qb5 1/2-1/2

[Event "27th Klatovy A 2019"]
[Site "Klatovy CZE"]
[Date "2019.06.29"]
[Round "1.27"]
[White "Cecil, Pavel"]
[Black "Furman, Boris"]
[Result "0-1"]
[WhiteElo "1890"]
[BlackElo "2144"]
[PlyCount "36"]
[EventDate "2019.06.29"]
[EventType "swiss"]
[EventRounds "9"]
[EventCountry "CZE"]

1. d4 Nf6 2. c4 e6 3. Nf3 d5 4. Bg5 Bb4+ 5. Nc3 h6 6. Bxf6 Qxf6 7. e3 O-O 8. Bd3 c5 9. O-O Rd8 10. a3 Bxc3 11. bxc3 dxc4 12. Bxc4 Nc6 13. Qc2 b6 14. dxc5 bxc5 15. Rab1 e5 16. e4 Ne7 17. Bd5 Nxd5 18. exd5 Bf5 0-1

[Event "27th Klatovy A 2019"]
[Site "Klatovy CZE"]
[Date "2019.06.29"]
[Round "1.28"]
[White "Dvorak, Jan"]
[Black "Lhotska, Anna"]
[Result "1-0"]
[WhiteElo "2141"]
[BlackElo "1884"]
[PlyCount "73"]
[EventDate "2019.06.29"]
[EventType "swiss"]
[EventRounds "9"]
[EventCountry "CZE"]

1. d4 Nf6 2. c4 e6 3. Nc3 Bb4 4. Nf3 O-O 5. Bg5 d5 6. e3 Nbd7 7. cxd5 exd5 8. Bd3 c6 9. Qc2 h6 10. Bh4 Qa5 11. O-O Bxc3 12. bxc3 Ne4 13. Bxe4 dxe4 14. Qxe4 Qxc3 15. h3 Nb6 16. Rfc1 Qa3 17. Ne5 Be6 18. Qc2 Nd5 19. Nc4 Qa6 20. a3 Rac8 21. Bg3 f5 22. Nd6 Rcd8 23. Be5 Ne7 24. e4 fxe4 25. Qxe4 Nf5 26. Qg4 Rd7 27. Qg6 Re7 28. Ne4 Nh4 29. Qh5 Nf5 30. Nc5 Qa5 31. g4 Ne3 32. Qh4 Qd2 33. Ne4 Qe2 34. Qxe7 Rf7 35. Qe8+ Kh7 36. Re1 Qc4 37. Rxe3 1-0